00826nam a2200217 a 450000100060000000300090000600800410001504000280005608200160008410000340010024500460013426000300018030000100021059001180022065000200033865000240035865000340038294200120041699900170042895201630044512304CO-ViMGA141112s2004 ck r 000 u spa d aCO-ViMGAbspacCO-ViMGA04a150.192 P441 aRuitenbeek, Hendrik M.91754810aPsicoanálisis y filosofía Existencial aMadrid : bGredos, c1972 a294p. aForma de adquisición : DONACION - - Proveedor : DR RAFAEL SALAMANCA - - Fecha de adquisición : 31 - 01 - 200114aEXISTENCIALISMO14aPSICOANALISI91754914aPSICOLOGIA EXISTENCIAL917550 2ddccBK c23316d23316 01102ddc41708002aMEVIECARbMEVIECARd2015-12-04hVolumen. 1 | 11/jun/2009l3o150.192 P44 p12304r2018-11-14 00:00:00s2018-11-01tEj. 1w2015-12-04yBK